| 000 | 03283nam a22003137i 4500 | ||
|---|---|---|---|
| 001 | TCPA 83 | ||
| 003 | gtcocun | ||
| 005 | 20250818214337.0 | ||
| 006 | a||||gr|||| 00| 0 | ||
| 008 | 250818b2019 gt ||||| m||| 00| 0 eng d | ||
| 040 |
_agtcocun _bSPA _cgtcocun _eRDA |
||
| 041 | _aSPA | ||
| 084 | _0TCPA 83 | ||
| 100 |
_aMó Soria, Carlos Leopoldo _eAutor |
||
| 245 |
_aInforme final del Ejercicio Profesional Supervisado, realizado en Operadora de Turismo Verde Verapaz, San Cristóbal Verapaz, Alta Verapaz/ _cCarlos Leopoldo Mó Soria _hImpreso |
||
| 264 |
_aCobán, Alta Verapaz: _bUniversidad de San Carlos de Guatemala, Centro Universitario del Norte, Licenciatura en Contaduría Pública y Auditoría. _c2019 |
||
| 300 |
_a51 p.: _bIlustraciones, gráficas. _c28 cm; PDF |
||
| 336 |
_2rdacontenido _aTexto _btxt |
||
| 337 |
_2rdamedio _aComputadora _bn |
||
| 338 |
_2rdasoporte _aCódigo en línea _bcr |
||
| 502 | _e. | ||
| 502 |
_aTesis de grado _bLicenciatura en Contaduría Pública y Auditoría. _cUniversidad de San Carlos de Guatemala, Centro Universitario del Norte, Licenciatura en Contaduría Pública y Auditoría. _d2019 _oTCPA 83 |
||
| 520 | 1 | 4 | _aLa Universidad de San Carlos de Guatemala a través de la carrera de Contaduría Pública y Auditoria tiene por objeto el Ejercicio Profesional Supervisado (EPS) para realizar un trabajo competente, de gestión profesional llevando a la práctica todos los conocimientos teóricos y técnicos, que se adquirieron a lo largo de la carrera. Fue necesario realizar acciones que permitieron proyectarse hacia la sociedad y de esta manera hacer aportes útiles en pro mejoramiento de la misma. Para el cierre de pensum se aprobó el curso de la práctica siendo el ejercicio profesional supervisado, llevada a través de la modalidad dirigida, debido a la ejecución se realiza el presente informe, el cual representa el cumplimiento de una planificación para dicha práctica. La práctica se realizó en la empresa Operadora de Turismo Verde Verapaz, siendo una entidad dedicada al trasporte turístico de pasajeros, ubicada en el municipio de San Cristóbal Alta Verapaz. Está compuesto por las siguientes etapas: diagnóstico; consistió en la evaluación general de la unidad de práctica, para obtener un perfil del funcionamiento y así identificar las áreas con situaciones relevantes, obteniendo con ello la problemática y las correcciones a corto plazo en las diferentes áreas planteando propuestas de mejora para brindar soluciones viables que pudiesen contribuir al saneamiento de ineficiencias detectadas. La planificación, es un proceso sistemático con una serie de procedimientos ordenados y analizados para el cumplimiento de los objetivos del ejercicio profesional supervisado, con el fin de mejorar la operatividad y minimizar el riesgo de contingencias financieras y legales de la entidad. |
| 650 |
_2LEMB _aSan Cristóbal Verapaz, Alta Verapaz _xregistros contables _xpoliticas _xprocedimientos _xfiscal |
||
| 700 |
_aLic. Selvin Wotzbelli Castellanos Reyes _eAsesor |
||
| 856 |
_uhttps://drive.google.com/file/d/1MKV02M6cHDTxgfqgIWXsBfm76m2HcpoI/view?usp=sharing _yPDF _zUn ejemplar en línea. |
||
| 942 |
_2ddc _cTES _iTCPA_83 _kClasificación _n0 _6TCPA__83 |
||
| 999 |
_c1181 _d1181 |
||